5HLuxD.jpg

KING HENRY VIII SENIOR AND PRIMARY SCHOOL LIBRARY OPAC

Puting Beliung yang Menakutkan / (Record no. 3271)

000 -LEADER
fixed length control field 00961nam a22002177a 4500
003 - CONTROL NUMBER IDENTIFIER
control field OSt
005 - DATE AND TIME OF LATEST TRANSACTION
control field 20231110083958.0
008 - FIXED-LENGTH DATA ELEMENTS--GENERAL INFORMATION
fixed length control field 231110b ||||| |||| 00| 0 eng d
020 ## - INTERNATIONAL STANDARD BOOK NUMBER
International Standard Book Number 9789670683409
040 ## - CATALOGING SOURCE
Transcribing agency KH8
082 ## - DEWEY DECIMAL CLASSIFICATION NUMBER
Classification number 400 SUR
100 ## - MAIN ENTRY--PERSONAL NAME
Personal name Suriani Zulkifli,
Relator term author.
245 ## - TITLE STATEMENT
Title Puting Beliung yang Menakutkan /
Statement of responsibility, etc. Suriani Zulkifli.
260 ## - PUBLICATION, DISTRIBUTION, ETC.
Place of publication, distribution, etc. Kuala Lumpur ;
Name of publisher, distributor, etc. Pustaka Akal Ilmu,
Date of publication, distribution, etc. 2018.
300 ## - PHYSICAL DESCRIPTION
Extent 24 pages :
Other physical details color illustrations ;
Dimensions 19 cm x 26 cm.
440 ## - SERIES STATEMENT/ADDED ENTRY--TITLE
Title Mari Pelajari Tentang Bencana Alam
520 ## - SUMMARY, ETC.
Summary, etc. Untuk menyuburkan minat membaca dalam kalangan pembaca cilik, penulis telah menyampaikan cerita dengan menggunakan gaya bahasa yang mudah difahami serta disulami dengan illustrasi berwarna yang menarik. Pembaca juga dapat menambahkan kosa kata mereka melalui perkataan sukar yang ditemui oleh mereka dalam buku ini.
650 ## - SUBJECT ADDED ENTRY--TOPICAL TERM
Topical term or geographic name entry element Story book
Form subdivision Malay language
830 ## - SERIES ADDED ENTRY--UNIFORM TITLE
Uniform title Mari Pelajari Tentang Bencana Alam
942 ## - ADDED ENTRY ELEMENTS (KOHA)
Source of classification or shelving scheme
Koha item type Teaching Resources
Holdings
Withdrawn status Lost status Source of classification or shelving scheme Damaged status Not for loan Collection code Permanent Location Current Location Shelving location Date acquired Full call number Barcode Date last seen Price effective from Koha item type
          Teaching Resources KH8 Senior School Library KH8 Senior School Library Staff Office 2023-11-10 400 SUR TRKHSL005017 2023-11-10 2023-11-10 Teaching Resources

Powered By KH8 IT Dept